| 000 | 00599nam a2200253Ia 4500 | ||
|---|---|---|---|
| 005 | 20250425161858.0 | ||
| 008 | 250425s9999 xx 000 0 und d | ||
| 020 | _a9978826300 | ||
| 041 | _aspa | ||
| 082 | _a658.5 | ||
| 100 | _aVILLACIS VILLACIS, JUAN | ||
| 245 | 0 | _aEL VIAJE MAS PRODUCTIVO DE SU VIDA | |
| 250 | _a1A ED. | ||
| 260 | _aS.L. | ||
| 260 |
_aSin Pais _bS.E. _c1994 |
||
| 300 | _a187 | ||
| 650 | _aADMINISTRACION DE LA PRODUCCION | ||
| 650 | _aCALIDAD | ||
| 650 | _aCOMUNICACION EMPRESARIAL | ||
| 650 | _aCONTROL | ||
| 710 | _aS.A. | ||
| 942 | _c01 | ||
| 010 | _a33426 | ||
| 999 |
_c218010 _d218010 |
||